Naissance des Etats-Unis

Zapisane w:
Opis bibliograficzny
organizacja autorów: Documentation Francaise (Autor), L'Institut Pédagogique National (Autor)
Format: Książka
Język:francuski
Wydane: París La Documentation Francaise 1958
Seria:La Documentation Photographique, 55-07
Hasła przedmiotowe:
Etykiety: Dodaj etykietę
Nie ma etykietki, Dołącz pierwszą etykiete!

MARC

LEADER 00000nam a2200000 a 4500
001 UCV8939
003 CL-VaPUC
008 920309e19580000FR |||||||||||||||||fre|d
082 0 4 |a 973  |b DOC  |2 21 
110 2 |a Documentation Francaise  |e author  |9 302913 
710 2 |a L'Institut Pédagogique National  |e author  |9 302914 
245 1 0 |a Naissance des Etats-Unis 
300 |a 4 h 
942 |c BK 
945 |d 19920309 00:00:00 
260 |a París  |b La Documentation Francaise  |c 1958 
500 |a Contiene 13 láminas 
650 0 |a Civilización   |9 255823 
651 0 |a Estados Unidos  |9 255178 
583 |a last modification  |c 19920309 00:00:00  |k Rodrigo Vera 
490 0 |a La Documentation Photographique, 55-07 
999 |c 214348  |d 214346 
952 |0 0  |1 0  |4 0  |6 973_000000000000000_DOC_1958  |7 0  |8 P  |9 197617  |a BIBARQ  |b BIBARQ  |d 2019-11-14  |i 2652889  |o 973 DOC 1958  |p 2652889  |r 2025-01-20  |w 2019-11-14  |y BK  |k ARQ